| 000 | 00768nam a22002177a 4500 | ||
|---|---|---|---|
| 003 | OSt | ||
| 005 | 20250905052338.0 | ||
| 008 | 250905b |||||||| |||| 00| 0 eng d | ||
| 020 | _a978-621-406-076-4 | ||
| 040 |
_aDWC-Main Lib _cOC |
||
| 082 | _aFil. 363.348 Se481d 2016 | ||
| 100 | _aSerapio, Maria Perpetua Arcilla | ||
| 245 |
_aDisaster readiness & risk reduction for senior high school/ _cMaria Perpetua Arcilla Serapio |
||
| 260 |
_aIntramuros, Manila, Philippines : _bMindshapers Co. Inc., _cc2016. |
||
| 300 |
_ax, 216 pages : _billustrations ; _c23cm. |
||
| 504 | _aIncludes bibliographical reference. | ||
| 650 | _a1. Disaster relief. | ||
| 650 | _a2. Disaster risk reduction. | ||
| 650 | _a3. Emergency management. | ||
| 942 |
_2ddc _cBK - FIL _kFil. _n0 |
||
| 999 |
_c4460 _d4460 |
||